7 pasos para elaborar una tesis / (Registro nro. 3668)
[ vista simple ]
| 000 -LEADER | |
|---|---|
| fixed length control field | 01445nam a22002897a 4500 |
| 003 - CONTROL NUMBER IDENTIFIER | |
| control field | PE SENCICO BE |
| 005 - DATE AND TIME OF LATEST TRANSACTION | |
| control field | 20251020182621.0 |
| 008 - FIXED-LENGTH DATA ELEMENTS--GENERAL INFORMATION | |
| fixed length control field | 221207b |||||||| |||| 00| 0 eng d |
| 020 ## - INTERNATIONAL STANDARD BOOK NUMBER | |
| International Standard Book Number | 978-612-304-311-7 |
| 040 ## - CATALOGING SOURCE | |
| Original cataloging agency | PE SENCICO BE |
| Transcribing agency | PE SENCICO BE |
| 041 ## - LANGUAGE CODE | |
| Language code of text/sound track or separate title | spa |
| 082 ## - DEWEY DECIMAL CLASSIFICATION NUMBER | |
| Classification number | 001.42 |
| Item number | V26 |
| 100 1# - MAIN ENTRY--PERSONAL NAME | |
| 9 (RLIN) | 203 |
| Personal name | Vara Horna, Alfredo Arístides |
| Relator term | autor |
| 245 1# - TITLE STATEMENT | |
| Title | 7 pasos para elaborar una tesis / |
| Statement of responsibility, etc. | Alfredo Arístides Vara Horna |
| 246 ## - VARYING FORM OF TITLE | |
| Title proper/short title | Siete pasos para elaborar una tesis |
| 250 ## - EDITION STATEMENT | |
| Edition statement | 1a ed. |
| 260 ## - PUBLICATION, DISTRIBUTION, ETC. | |
| Place of publication, distribution, etc. | Lima: |
| Name of publisher, distributor, etc. | Macro, |
| Date of publication, distribution, etc. | 2015 |
| 300 ## - PHYSICAL DESCRIPTION | |
| Extent | [19], 591 p.: |
| Other physical details | il., diagrs.; |
| Dimensions | 25 cm. |
| 500 0# - GENERAL NOTE | |
| General note | En la cubierta: "Cómo elaborar y asesorar una tesis para ciencias administrativas, finanzas, ciencias sociales y humanidades, + 120 casos prácticos. Una guía efectiva desde la idea inicial hasta la sustentación". |
| 504 ## - BIBLIOGRAPHY, ETC. NOTE | |
| Bibliography, etc. note | Bibliografía: p. [575] |
| 505 0# - FORMATTED CONTENTS NOTE | |
| Formatted contents note | Paso 0: Por qué hacer una Tesis. Paso 1: Eligiendo el tema de tesis. Paso 2: Elaborando la fundamentación teórica. Paso 3: Planteando el problema de investigación. Paso 4: Diseñando el método de investigación. Paso 5: Presentando los resultados y la discusión. Paso 6: Haciendo el informe final de tesis. Paso 7: Sustentando la tesis. |
| 650 10 - SUBJECT ADDED ENTRY--TOPICAL TERM | |
| 9 (RLIN) | 204 |
| Topical term or geographic name entry element | Tesis y disertaciones académicas |
| 650 20 - SUBJECT ADDED ENTRY--TOPICAL TERM | |
| 9 (RLIN) | 261 |
| Topical term or geographic name entry element | Investigación científica |
| 910 ## - USER-OPTION DATA (OCLC) | |
| -- | hfp |
| -- | hfp |
| 942 ## - ADDED ENTRY ELEMENTS (KOHA) | |
| Source of classification or shelving scheme | Dewey Decimal Classification |
| Koha item type | Libros |
| Classification part | 001.42 |
| Item part | V26 |
| Fecha de la última vez que lo usaron | Número de ingreso o de inventario | Pago total | Signatura topográfica completa | Código de barras | Precio efectivo desde | Tipo de documento | Estado perdido | Sistema de clasificación | Estado dañado | No es para préstamo | Retirado | Ubicación permanente | Ubicación actual | Fecha de adquisición |
|---|---|---|---|---|---|---|---|---|---|---|---|---|---|---|
| 07/12/2022 | 16378 | 001.42/V26 | BibLima24050009 | 07/12/2022 | Libros | Dewey Decimal Classification | Biblioteca Central Lima | Biblioteca Central Lima | 07/12/2022 |